Taylor Swift - Devine la chanson sans indices #73 - Statistiques

Statistiques générales
  • Ce quiz a été pris 191 fois
  • Le résultat moyen est 311 sur 421
Statistiques - réponses
Réponse % Correct
a
99%
I
99%
you
98%
(you
98%
ya
96%
the
95%
oh
92%
(oh)
92%
me
91%
me,
91%
to
89%
be
88%
an
87%
do
86%
that
85%
that)
85%
was
84%
And
83%
and
83%
When
83%
you're
83%
it
82%
of
82%
I'm
81%
They
81%
they
81%
in
80%
In
80%
like?
80%
like
80%
my
80%
so
79%
So
79%
What
79%
Then
78%
(then
78%
then
78%
this
78%
can
77%
can)
77%
For
77%
would
76%
if
75%
If
75%
(if
75%
it's
73%
I'd
71%
(I'd
71%
say
71%
man
70%
man)
70%
man),
70%
at
69%
'Cause
69%
as
68%
(as
68%
get
66%
all
65%
Could
65%
had
65%
not
65%
sick
65%
Every
64%
just
64%
them
64%
there
64%
from
63%
how
63%
again
62%
again)
62%
cool
62%
ok
61%
running
61%
complex
60%
fast
60%
What's
60%
coming
59%
(coming
59%
know
59%
okay
59%
mad
58%
quicker
57%
Wondering
57%
alpha
56%
believes
55%
everyone
55%
good
55%
more
55%
out
55%
much
54%
play
54%
make
53%
They'd
53%
boss
52%
Leo
52%
power
52%
rude
52%
their
52%
type
52%
wearing
52%
wouldn't
52%
fearless
51%
leader
51%
moves?
51%
deserve
50%
ideas
50%
made
50%
Put
50%
Saint-Tropez
50%
someone
50%
work
50%
bad
48%
before
48%
bitch,
48%
(yeah)
47%
question
46%
commit
45%
conquest
45%
found
45%
separated
44%
shake
43%
heads
42%
played
42%
dollars
41%
players
41%
field
39%
bitches
38%
Let
38%
models
38%
flashing
36%
hustled
34%
toast
34%
about
31%
getting
31%
paint
30%
baller
29%
brag
22%
(hey)
19%
Raking
11%
Aucun quiz correspondant
Distribution des résultats
% des personnes avec chaque résultat
Percentile par nombre de réponses
Votre historique - résultats
Vous n’avez pas pris ce quiz